Movies Quiz

Random Movies or Disney Quiz
Score 0/20 Timer 04:00
3 Plays Today
% Correct
Because the sign says 'Never Land'
94.8%
Her coach was a pumpkin and she ran away from the ball
94.6%
In a snowbank
94.4%
Jungle Bells
93.9%
Because he had to pack his trunk
93.1%
Mermalade
93.1%
Minnie golf
92.8%
Hunny
92.8%
Donald Puck
92.5%
He used a candle instead
92.1%
% Correct
They're known to Rescue Rangers
91.5%
'That hit the spot'
91.5%
He followed a hunch
91.1%
He thought he'd get a hole in one
90.4%
To get to his friends on the other side
90.1%
To find Pluto
89.3%
Mufasa
86.3%
'Put it on my bill'
84.8%
Snow White, because she's the fairest of them all
83.6%
Mulan
79%
Remove Ads.
Support Sporcle.
Get the best of Sporcle when you Go Orange. This ad-free experience offers more features, more stats, and more fun while also helping to support Sporcle. Thank you for becoming a member.

You're not logged in!

Compare scores with friends on all Sporcle quizzes.
OR
Log In

Show Comments

Extras

Top Quizzes Today


Score Distribution

Your Account Isn't Verified!

In order to create a playlist on Sporcle, you need to verify the email address you used during registration. Go to your Sporcle Settings to finish the process.

Report this User

Report this user for behavior that violates our Community Guidelines.

Details: